[Event "Fagernes GM-A 2019"]
[Site "Fagernes"]
[Date "2019.04.15"]
[Round "2.6"]
[White "Hobber, Anders"]
[Black "Romanov, Evgeny"]
[Result "0-1"]
[WhiteElo "2295"]
[BlackElo "2576"]
[Annotator "ChessBase"]
[PlyCount "84"]
[EventDate "2019.04.14"]
[EventType "tourn"]
[EventCountry "NOR"]
[SourceTitle "playchess.com"]
[Source "ChessBase"]
[SourceQuality "1"]
[TimeControl "40/7200:3600"]

1. Nf3 {[%emt 0:08:23]} Nf6 {[%emt 0:00:18]} 2. e3 {[%emt 0:00:20]} b6 {[%emt 0:01:50]} 3. b3 {[%emt 0:01:36]} Bb7 {[%emt 0:00:38]} 4. Bb2 {[%emt 0:00:10]} e6 {[%emt 0:00:10]} 5. c4 {[%emt 0:03:29]} d5 {[%emt 0:00:48]} 6. Nc3 {[%emt 0:01:05]} Bd6 {[%emt 0:01:08]} 7. d4 {[%emt 0:04:10]} O-O {[%emt 0:01:28]} 8. Bd3 {[%emt 0:02:03]} Nbd7 {[%emt 0:01:44]} 9. cxd5 {[%emt 0:00:29]} exd5 {[%emt 0:00:36]} 10. O-O {[%emt 0:01:00]} a6 {[%emt 0:02:12]} 11. Ne2 {[%emt 0:04:19]} Qe7 {[%emt 0:02:14]} 12. Ng3 {[%emt 0:08:42]} g6 {[%emt 0:00:54]} 13. Qc2 {[%emt 0:06:16]} Rae8 {[%emt 0:16:44]} 14. Rac1 {[%emt 0:07:26]} c6 {[%emt 0:11:19]} 15. Nd2 {[%emt 0:12:11]} h5 {[%emt 0:04:45]} 16. Rfe1 {[%emt 0:04:42]} h4 {[%emt 0:04:12]} 17. Ngf1 {[%emt 0:00:05]} c5 {[%emt 0:03:42]} 18. h3 {[%emt 0:06:40]} Bb8 {[%emt 0:02:43]} 19. Nf3 {[%emt 0:03:05]} Ne4 {[%emt 0:03:11]} 20. Qe2 {[%emt 0:03:05]} a5 {[%emt 0:08:29]} 21. dxc5 {[%emt 0:02:50]} bxc5 {[%emt 0:00:46]} 22. Ba6 {[%emt 0:01:31]} Ba8 {[%emt 0:01:30]} 23. Bb5 {[%emt 0:00:19]} Rd8 {[%emt 0:00:37]} 24. Ba3 {[%emt 0:07:52]} Bd6 {[%emt 0:04:39]} 25. N1d2 {[%emt 0:05:34]} f5 {[%emt 0:04:08]} 26. Bb2 {[%emt 0:00:12]} Ndf6 {[%emt 0:10:43]} 27. Ba1 {[%emt 0:03:38]} g5 {[%emt 0:05:48]} 28. Nxe4 {[%emt 0:01:41]} Nxe4 {[%emt 0:00:24]} 29. Nd2 {[%emt 0:00:37]} Nf6 {[%emt 0:03:29]} 30. Bd3 {[%emt 0:00:59]} Qh7 {[%emt 0:04:01]} 31. Nf3 {[%emt 0:03:31]} g4 {[%emt 0:01:21]} 32. hxg4 {[%emt 0:01:46]} Nxg4 {[%emt 0:00:02]} 33. Ng5 {[%emt 0:01:55]} Qh6 {[%emt 0:01:01]} 34. f4 {[%emt 0:01:13]} Qh5 {[%emt 0:04:44]} 35. Ne6 {[%emt 0:02:45]} h3 {[%emt 0:02:02]} 36. gxh3 {[%emt 0:02:05]} Qxh3 {[%emt 0:00:23]} 37. Qg2 {[%emt 0:00:49]} Qh5 {[%emt 0:02:36]} 38. Nxf8 {[%emt 0:01:13]} d4 {[%emt 0:01:49]} 39. e4 {[%emt 0:00:04]} Rxf8 {[%emt 0:00:02]} 40. Bc4+ {[%emt 0:00:09]} Kh7 {[%emt 0:00:23]} 41. Bd5 {[%emt 0:02:09]} Bxf4 {[%emt 0:04:24]} 42. Rxc5 {[%emt 0:03:13]} Bh2+ {[%emt 0:01:49]} 0-1

[Event "Fagernes GM-A 2019"]
[Site "Fagernes"]
[Date "2019.04.15"]
[Round "2.7"]
[White "Vorobiov, Evgeny E."]
[Black "Ingebretsen, Jens E"]
[Result "1-0"]
[WhiteElo "2565"]
[BlackElo "2300"]
[Annotator "ChessBase"]
[PlyCount "55"]
[EventDate "2019.04.14"]
[EventType "tourn"]
[EventCountry "NOR"]
[SourceTitle "playchess.com"]
[Source "ChessBase"]
[SourceQuality "1"]
[TimeControl "40/7200:3600"]

1. d4 {[%emt 0:00:04]} Nf6 {[%emt 0:00:07]} 2. c4 {[%emt 0:00:06]} e6 {[%emt 0:00:04]} 3. Nf3 {[%emt 0:03:07]} b6 {[%emt 0:00:52]} 4. a3 {[%emt 0:00:05]} Bb7 {[%emt 0:00:40]} 5. Nc3 {[%emt 0:00:00]} d5 {[%emt 0:00:00]} 6. cxd5 {[%emt 0:00:00]} Nxd5 {[%emt 0:00:00]} 7. e3 {[%emt 0:00:00]} Nxc3 {[%emt 0:00:00]} 8. bxc3 {[%emt 0:00:00]} Bd6 {[%emt 0:00:00]} 9. Bd3 {[%emt 0:00:00]} c5 {[%emt 0:00:00]} 10. e4 {[%emt 0:00:00]} cxd4 {[%emt 0:00:00]} 11. cxd4 {[%emt 0:00:00]} O-O {[%emt 0:00:00]} 12. O-O {[%emt 0:00:00]} Nc6 {[%emt 0:00:00]} 13. Bb2 {[%emt 0:00:00]} Bf4 {[%emt 0:00:00]} 14. Qe2 {[%emt 0:00:00]} Rc8 {[%emt 0:00:00]} 15. Rad1 {[%emt 0:00:00]} Re8 {[%emt 0:00:00]} 16. Rfe1 {[%emt 0:00:00]} Qc7 {[%emt 0:00:00]} 17. Bb5 {[%emt 0:00:00]} Red8 {[%emt 0:00:00]} 18. g3 {[%emt 0:00:00]} Bh6 {[%emt 0:00:00]} 19. d5 {[%emt 0:00:00]} Na5 {[%emt 0:00:00]} 20. dxe6 {[%emt 0:00:00]} fxe6 {[%emt 0:00:00]} 21. Ne5 {[%emt 0:00:00]} Rxd1 {[%emt 0:00:00]} 22. Rxd1 {[%emt 0:00:00]} Rd8 {[%emt 0:00:00]} 23. Bd7 {[%emt 0:00:00]} Bc8 {[%emt 0:00:00]} 24. Qh5 {[%emt 0:00:00]} Nc4 {[%emt 0:00:00]} 25. Qf7+ {[%emt 0:00:00]} Kh8 {[%emt 0:00:00]} 26. Qe7 {[%emt 0:00:00]} Nxb2 {[%emt 0:00:00]} 27. Nf7+ {[%emt 0:00:00]} Kg8 {[%emt 0:00:00]} 28. Nxd8 {[%emt 0:00:00]} 1-0

[Event "Fagernes GM-A 2019"]
[Site "Fagernes"]
[Date "2019.04.15"]
[Round "2.8"]
[White "Sisatto, Olli"]
[Black "Urkedal, Frode Olav Olsen"]
[Result "0-1"]
[WhiteElo "2276"]
[BlackElo "2513"]
[Annotator "TA"]
[PlyCount "68"]
[EventDate "2019.04.14"]
[EventType "tourn"]
[EventCountry "NOR"]
[SourceTitle "playchess.com"]
[Source "ChessBase"]
[SourceQuality "1"]

{[%evp 19,68,0,10,10,17,-77,-30,-70,-64,-69,-73,-141,-135,-129,-133,-122,-8,-127,-35,-27,32,20,30,19,24,-108,-95,-198,-225,-220,-217,-210,-187,-223,-216,-218,-215,-220,-186,-180,-148,-205,-201,-220,-218,-236,-152,-156,-114,-282,-236]} 1. d4 Nf6 2. c4 e6 3. Nc3 Bb4 4. Nf3 b6 5. Bd2 Bb7 6. e3 O-O 7. Bd3 d6 8. Qc2 Nbd7 9. a3 Bxc3 10. Bxc3 Qe7 11. Ng5 {[%cal Rg5h7] E21: Nimzo-Indian: 4 Nf3} (11. O-O c5 12. Nd2 Rfc8 13. b4 b5 14. dxc5 dxc5 15. Qb2 Nb6 16. Bxf6 gxf6 17. cxb5 c4 18. Ne4 Nd7 {0-1 (51) De Wachter,M (2363)-Kelires,A (2530) Paleochora 2018}) 11... h6 12. h4 (12. Nh7 $11 {remains equal.}) 12... e5 ({Much weaker is} 12... hxg5 $6 13. hxg5 g6 14. gxf6 $16) 13. d5 $146 {Black has an edge.} ({Predecessor:} 13. O-O-O e4 14. Be2 hxg5 15. hxg5 Nh7 16. f4 Nxg5 17. fxg5 Qxg5 18. Qd2 f5 {1-0 (48) Schellen,S (1754)-Hipler,A (1914) Bad Homburg 2011}) 13... c6 14. dxc6 Bxc6 15. f3 (15. Nh7 $142) 15... Nc5 $17 16. Bh7+ Kh8 17. b4 Ne6 (17... Ba4 $17 18. Qb1 Ncd7) 18. Bf5 (18. Bd3 $11 {keeps the balance.}) 18... Bd7 (18... Nd4 $1 $17 {[%cal Rd4c2]} 19. exd4 exd4+ 20. Ne4 dxc3) 19. Rd1 $15 Nd4 ({Black should play} 19... Rfd8 $11) 20. Bxd4 $14 {[#] Black must now prevent Bb2.} Bxf5 21. Qxf5 {Threatens to win with Bb2.} exd4 22. e4 (22. Ne4 $1 $11 {was the only way to keep the balance.}) 22... g6 $36 {[%mdl 2048] Black is in control.} 23. Qb5 (23. Qf4 $17 {was the only chance.}) 23... hxg5 $19 24. hxg5+ {[#]} Nh7 $1 25. Rxd4 Kg8 26. Rd5 a5 27. O-O axb4 28. axb4 Qc7 29. f4 Rac8 30. f5 (30. Rd4 $17 {might work better.}) 30... Qxc4 31. Qxc4 Rxc4 32. Rxd6 gxf5 ({Resist} 32... Rxe4 33. fxg6 Nxg5 34. gxf7+ Rxf7 35. Rxb6) 33. Rxf5 Rxb4 {And now ...Kg7 would win.} 34. e5 $2 (34. g6 $17) 34... Kg7 {Accuracy: White = 40%, Black = 42%.} 0-1

[Event "Fagernes GM-A 2019"]
[Site "Fagernes"]
[Date "2019.04.15"]
[Round "2.9"]
[White "Blomqvist, Erik"]
[Black "Efroimski, Marsel"]
[Result "0-1"]
[WhiteElo "2496"]
[BlackElo "2287"]
[Annotator "ChessBase"]
[PlyCount "76"]
[EventDate "2019.04.14"]
[EventType "tourn"]
[EventCountry "NOR"]
[SourceTitle "playchess.com"]
[Source "ChessBase"]
[SourceQuality "1"]
[TimeControl "40/7200:3600"]

1. e4 {[%emt 0:00:08]} c6 {[%emt 0:00:40]} 2. d4 {[%emt 0:02:36]} d5 {[%emt 0:00:02]} 3. exd5 {[%emt 0:00:07]} cxd5 {[%emt 0:00:05]} 4. Bd3 {[%emt 0:00:08]} Nc6 {[%emt 0:00:03]} 5. c3 {[%emt 0:00:07]} Qc7 {[%emt 0:00:15]} 6. Ne2 {[%emt 0:00:09]} e5 {[%emt 0:00:25]} 7. dxe5 {[%emt 0:04:47]} Nxe5 {[%emt 0:00:04]} 8. Bb5+ {[%emt 0:05:51]} Bd7 {[%emt 0:00:30]} 9. Bxd7+ {[%emt 0:02:45]} Qxd7 {[%emt 0:00:16]} 10. Bf4 {[%emt 0:01:31]} Ng6 {[%emt 0:04:40]} 11. Be3 {[%emt 0:03:43]} Nf6 {[%emt 0:01:45]} 12. Nd2 {[%emt 0:06:36]} Be7 {[%emt 0:05:23]} 13. Nf3 {[%emt 0:01:07]} O-O {[%emt 0:01:05]} 14. O-O {[%emt 0:00:26]} b5 {[%emt 0:12:56]} 15. Qc2 {[%emt 0:06:19]} a5 {[%emt 0:07:44]} 16. Rad1 {[%emt 0:01:35]} b4 {[%emt 0:05:01]} 17. Rd3 {[%emt 0:12:29]} Qb7 {[%emt 0:10:59]} 18. Rfd1 {[%emt 0:01:14]} Rfb8 {[%emt 0:04:41]} 19. b3 {[%emt 0:25:30]} Rc8 {[%emt 0:15:17]} 20. Qb1 {[%emt 0:05:27]} Bc5 {[%emt 0:03:02]} 21. h3 {[%emt 0:06:40]} Bxe3 {[%emt 0:06:30]} 22. Rxe3 {[%emt 0:00:08]} Re8 {[%emt 0:08:13]} 23. Rxe8+ {[%emt 0:02:59]} Rxe8 {[%emt 0:00:04]} 24. Qd3 {[%emt 0:03:12]} Ne5 {[%emt 0:06:23]} 25. Nxe5 {[%emt 0:02:06]} Rxe5 {[%emt 0:00:01]} 26. Nd4 {[%emt 0:00:36]} Qe7 {[%emt 0:03:17]} 27. Kf1 {[%emt 0:05:38]} Qc5 {[%emt 0:03:18]} 28. f3 {[%emt 0:04:54]} Qc7 {[%emt 0:04:49]} 29. cxb4 {[%emt 0:01:48]} axb4 {[%emt 0:00:31]} 30. Qd2 {[%emt 0:01:58]} Re8 {[%emt 0:02:52]} 31. Qxb4 {[%emt 0:00:15]} Qh2 {[%emt 0:01:15]} 32. Re1 {[%emt 0:00:44]} Ra8 {[%emt 0:03:56]} 33. a4 {[%emt 0:00:59]} Nh5 {[%emt 0:00:43]} 34. Qb7 {[%emt 0:04:49]} Rf8 {[%emt 0:02:09]} 35. Ne2 {[%emt 0:00:20]} Re8 {[%emt 0:00:35]} 36. Kf2 {[%emt 0:00:11]} Qe5 {[%emt 0:00:12]} 37. Qb4 {[%emt 0:00:01]} Qe3+ {[%emt 0:00:11]} 38. Kf1 {[%emt 0:00:01]} d4 {[%emt 0:00:05]} 0-1

[Event "Fagernes GM-A 2019"]
[Site "Fagernes"]
[Date "2019.04.15"]
[Round "2.10"]
[White "Mikalsen, Erlend"]
[Black "Holleland, Sigve"]
[Result "1-0"]
[WhiteElo "2397"]
[BlackElo "2024"]
[Annotator "TA"]
[PlyCount "37"]
[EventDate "2019.04.14"]
[EventType "tourn"]
[EventCountry "NOR"]
[SourceTitle "playchess.com"]
[Source "ChessBase"]
[SourceQuality "1"]

{[%evp 19,37,0,14,0,8,-39,0,-12,80,77,156,164,569,579,926,921,29987,29988,29996,1779]} 1. e4 c5 2. Nf3 d6 3. d4 cxd4 4. Nxd4 Nf6 5. Nc3 a6 6. Bg5 e6 7. f4 Nbd7 8. Qf3 h6 9. Bh4 Qc7 10. O-O-O Be7 11. Qg3 {B98: Sicilian Najdorf: 6 Bg5 e6 7 f4 Be7, sidelines} (11. Bd3 g5 12. fxg5 Ne5 13. Qe2 Nfg4 14. Kb1 hxg5 15. Bg3 Bd7 16. Qd2 b5 17. Nf3 Nxf3 18. gxf3 Ne5 19. Rhf1 Rh7 20. f4 gxf4 21. Bxf4 Qc5 {0-1 (47) Gao,R (2543)-Moranda,W (2593) chess.com INT 2019}) 11... b5 12. Bd3 {aiming for e5.} (12. Qxg7 Rg8 $17) 12... Bb7 (12... b4 $5 {[%cal Rb4c3]} 13. Na4 Rg8 $11) 13. Rhe1 {And now e5 would win.The position is equal.} ({But not} 13. Qxg7 Rg8 $17) 13... b4 {[#]} (13... g5 $1 $11 {keeps the balance.} 14. fxg5 hxg5 15. Bxg5 (15. Qxg5 Ne5 $15) 15... b4) 14. Nd5 $1 $16 {[%cal Rd5c7]} exd5 (14... Nxd5 $142 15. exd5 Bxh4 16. Qxh4 Bxd5 {[%mdl 64] Double Attack}) 15. exd5 Bxd5 $146 (15... g5 {is more resistant.} 16. Nf5 Nxd5 17. fxg5 Ne5) ({Predecessor:} 15... g5 16. fxg5 hxg5 17. Nf5 Ne5 18. Qxg5 Nxd5 19. Qg7 Rxh4 20. Nxh4 {0-1 (47) Castro,N (2026)-Rivera,I (2216) Bagre 2018}) 16. Qxg7 $18 {Black must now prevent Rxe7+!} Rg8 {[#]} 17. Rxe7+ $1 {[%mdl 576] Clearance} Kxe7 18. Re1+ Be6 19. Rxe6+ {[%mdl 64] Double Attack} 1-0

[Event "Fagernes GM-A 2019"]
[Site "Fagernes"]
[Date "2019.04.15"]
[Round "2.11"]
[White "Gullaksen, Eirik"]
[Black "Galinsky, Timofey"]
[Result "0-1"]
[WhiteElo "2324"]
[BlackElo "2378"]
[Annotator "TA"]
[PlyCount "64"]
[EventDate "2019.04.14"]
[EventType "tourn"]
[EventCountry "NOR"]
[SourceTitle "playchess.com"]
[Source "ChessBase"]
[SourceQuality "1"]

{[%evp 25,64,32,26,28,28,19,20,19,15,25,39,36,31,4,10,0,18,0,17,21,13,4,11,17,14,14,30,20,23,-27,14,-560,-581,-522,-568,-570,-571,-554,-557,-541,-522]} 1. d4 Nf6 2. c4 e5 3. dxe5 Ng4 4. Bf4 Nc6 5. Nf3 Bb4+ 6. Nbd2 Qe7 7. a3 Ngxe5 8. Nxe5 Nxe5 9. e3 Bxd2+ 10. Qxd2 d6 11. Be2 O-O 12. O-O b6 13. b4 Bb7 14. c5 {A52: Budapest Gambit} dxc5 15. bxc5 Rfd8 16. Qc3 {The position is equal.} Rd5 17. cxb6 axb6 18. Rfc1 Rc5 19. Qb4 {next Rxc5 is good for White.} Raa5 20. Rc3 $146 ({Predecessor:} 20. Rxc5 Rxc5 21. Rd1 Ng6 {1-0 (82) Johansen,J (2332)-Mueller,K (2488) IECG email 2000}) 20... Ng6 21. Bg3 Rxc3 22. Qxc3 Rc5 23. Qd4 h5 24. h4 Nf8 25. Rd1 Ne6 26. Qb4 Qe8 27. Qb2 Qa4 28. Rc1 $2 {[%mdl 8192]} (28. Rd2 $11 {and White stays safe.}) 28... Qc6 $1 $19 {[%csl Gb7,LRc1,LRg2][%cal Rc6g2] [#] Black is clearly winning.} 29. Bf3 Rxc1+ 30. Kh2 Qc3 31. Qxc3 Rxc3 32. Bxb7 Rxa3 {Accuracy: White = 40%, Black = 59%.} 0-1

[Event "Fagernes GM-A 2019"]
[Site "Fagernes"]
[Date "2019.04.15"]
[Round "2.12"]
[White "Kizatbay, Abyl"]
[Black "Machlik, Edit"]
[Result "1-0"]
[WhiteElo "2108"]
[BlackElo "2109"]
[Annotator "NA"]
[PlyCount "79"]
[EventDate "2019.04.14"]
[EventType "tourn"]
[EventCountry "NOR"]
[SourceTitle "playchess.com"]
[Source "ChessBase"]
[SourceQuality "1"]
[TimeControl "40/7200:3600"]

1. e4 {[%emt 0:00:02]} c6 {[%emt 0:00:03]} 2. d4 {[%emt 0:00:14]} d5 {[%emt 0:00:12]} 3. exd5 {[%emt 0:00:04]} cxd5 {[%emt 0:00:11]} 4. Nf3 {[%emt 0:00:05]} Nc6 {[%emt 0:00:18]} 5. Ne5 {[%emt 0:00:05]} e6 {[%emt 0:00:25]} 6. Bb5 {[%emt 0:00:32]} Bd7 {[%emt 0:00:16]} 7. Nxd7 {[%emt 0:00:17]} Qxd7 {[%emt 0:00:09]} 8. c3 {[%emt 0:00:22]} Nf6 {[%emt 0:01:57]} 9. Bf4 {[%emt 0:05:57]} Be7 {[%emt 0:05:58]} 10. O-O {[%emt 0:00:58]} O-O {[%emt 0:02:41]} 11. Nd2 {[%emt 0:00:54]} a6 {[%emt 0:00:28]} 12. Bd3 {[%emt 0:00:16]} Rac8 {[%emt 0:04:34]} 13. Qe2 {[%emt 0:08:02]} Qd8 {[%emt 0:04:11]} 14. g4 {[%emt 0:10:55]} Ne8 {[%emt 0:05:27]} 15. Nf3 {[%emt 0:08:57]} Nd6 {[%emt 0:16:41]} 16. Ne5 {[%emt 0:09:24]} Nxe5 {[%emt 0:02:53]} 17. dxe5 {[%emt 0:11:30]} Nc4 {[%emt 0:01:22]} 18. Rad1 $11 {[%emt 0:03:09]} Qc7 {[%emt 0:08:07]} 19. Bg3 {[%emt 0:11:17]} Qb6 {[%emt 0:05:03]} 20. Bf4 {[%emt 0:09:24]} Qa5 {[%emt 0:10:55]} 21. Bb1 {[%emt 0:01:30]} Qb6 {[%emt 0:03:10]} 22. Bc1 {[%emt 0:00:58]} Qc7 {[%emt 0:07:21]} 23. f4 {[%emt 0:02:38]} g6 {[%emt 0:07:08]} 24. Kh1 {[%emt 0:01:37]} Rfe8 {[%emt 0:04:26]} 25. Rf3 {[%emt 0:01:02]} Bf8 {[%emt 0:03:17]} 26. Re1 {[%emt 0:02:12]} Bg7 {[%emt 0:00:43]} 27. b3 {[%emt 0:00:39]} Na5 {[%emt 0:03:55]} 28. Ba3 {[%emt 0:00:36]} Nc6 {[%emt 0:02:09]} 29. Qf2 {[%emt 0:02:48]} f6 {[%emt 0:07:56]} 30. exf6 {[%emt 0:08:45]} Bxf6 {[%emt 0:00:36]} 31. Rh3 {[%emt 0:01:23]} Qa5 {[%emt 0:02:38]} 32. Bd6 {[%emt 0:01:12]} Rcd8 {[%emt 0:01:28]} 33. Be5 {[%emt 0:02:48]} Nxe5 {[%emt 0:00:15]} 34. fxe5 {[%emt 0:00:03]} Bh8 {[%emt 0:00:32]} 35. Qh4 {[%emt 0:03:52]} Qc7 {[%emt 0:00:05]} 36. Bxg6 {[%emt 0:00:04]} Re7 {[%emt 0:00:07]} 37. Bb1 {[%emt 0:02:20]} Rg7 {[%emt 0:01:30]} 38. g5 {[%emt 0:00:47]} Qe7 {[%emt 0:00:38]} 39. Qh6 {[%emt 0:00:01]} Rf8 {[%emt 0:00:10]} 40. g6 {[%emt 0:00:09]} 1-0

[Event "Fagernes GM-A 2019"]
[Site "Fagernes"]
[Date "2019.04.15"]
[Round "2.13"]
[White "Bentsen, Hakon"]
[Black "Dahl, Trygve"]
[Result "1/2-1/2"]
[WhiteElo "2155"]
[BlackElo "2275"]
[Annotator "NA"]
[PlyCount "118"]
[EventDate "2019.04.14"]
[EventType "tourn"]
[EventCountry "NOR"]
[SourceTitle "playchess.com"]
[Source "ChessBase"]
[SourceQuality "1"]
[TimeControl "40/7200:3600"]

1. e4 {[%emt 0:00:03]} c5 {[%emt 0:00:26]} 2. Nf3 {[%emt 0:00:08]} Nc6 {[%emt 0:00:06]} 3. d4 {[%emt 0:00:42]} cxd4 {[%emt 0:00:06]} 4. Nxd4 {[%emt 0:00:04]} Qc7 {[%emt 0:00:10]} 5. Nc3 {[%emt 0:01:27]} e6 {[%emt 0:00:10]} 6. g3 {[%emt 0:02:11]} a6 {[%emt 0:02:04]} 7. Bg2 {[%emt 0:00:48]} Nf6 {[%emt 0:00:09]} 8. O-O {[%emt 0:00:34]} h5 {[%emt 0:04:10]} 9. Bf4 {[%emt 0:17:14]} e5 {[%emt 0:07:54]} 10. Nxc6 {[%emt 0:30:52]} dxc6 {[%emt 0:01:47]} 11. Bg5 {[%emt 0:00:20]} Be7 {[%emt 0:02:49]} 12. Qe2 {[%emt 0:02:19]} Be6 {[%emt 0:02:41]} 13. Rfd1 {[%emt 0:02:12]} g6 {[%emt 0:32:09]} 14. h4 {[%emt 0:02:34]} O-O {[%emt 0:01:04]} 15. b3 $11 {[%emt 0:01:25]} b5 {[%emt 0:06:00]} 16. Rd3 {[%emt 0:02:05]} Rfc8 {[%emt 0:06:42]} 17. f3 {[%emt 0:05:42]} a5 {[%emt 0:01:11]} 18. Kh2 {[%emt 0:01:52]} a4 {[%emt 0:10:00]} 19. Rc1 {[%emt 0:02:39]} a3 {[%emt 0:03:34]} 20. Bh3 {[%emt 0:01:05]} Bxh3 {[%emt 0:06:14]} 21. Kxh3 {[%emt 0:00:15]} Ne8 {[%emt 0:03:12]} 22. Be3 {[%emt 0:04:00]} Ng7 {[%emt 0:02:05]} 23. Rcd1 {[%emt 0:00:42]} Rd8 {[%emt 0:00:47]} 24. Rxd8+ {[%emt 0:02:19]} Rxd8 {[%emt 0:00:24]} 25. Rxd8+ {[%emt 0:00:06]} Qxd8 {[%emt 0:00:19]} 26. Qd3 {[%emt 0:00:25]} Qxd3 {[%emt 0:01:07]} 27. cxd3 {[%emt 0:00:06]} Ne6 {[%emt 0:00:05]} 28. Ne2 {[%emt 0:03:18]} Bc5 {[%emt 0:04:53]} 29. Bc1 {[%emt 0:00:21]} b4 {[%emt 0:00:49]} 30. Bd2 {[%emt 0:00:10]} Nc7 {[%emt 0:05:24]} 31. f4 {[%emt 0:03:30]} f6 {[%emt 0:01:55]} 32. fxe5 {[%emt 0:00:24]} fxe5 {[%emt 0:00:07]} 33. g4 {[%emt 0:00:37]} Kf7 {[%emt 0:01:58]} 34. gxh5 {[%emt 0:00:31]} gxh5 {[%emt 0:00:02]} 35. Kg3 {[%emt 0:00:59]} Na6 {[%emt 0:01:16]} 36. Kf3 {[%emt 0:00:30]} Ke6 {[%emt 0:01:10]} 37. Ng3 {[%emt 0:03:07]} Bd4 {[%emt 0:01:52]} 38. Nxh5 {[%emt 0:01:07]} c5 {[%emt 0:00:36]} 39. Ng7+ {[%emt 0:00:19]} Kf7 {[%emt 0:00:35]} 40. Nf5 {[%emt 0:00:06]} Nb8 {[%emt 0:00:29]} 41. Kg4 {[%emt 1:05:52]} Nc6 {[%emt 1:00:55]} 42. Ne3 {[%emt 0:03:53]} Bc3 {[%emt 0:00:00]} 43. Nc4 {[%emt 0:00:00]} Nd4 {[%emt 0:00:00]} 44. Nxe5+ {[%emt 0:00:00]} Ke6 {[%emt 0:00:00]} 45. Nc4 {[%emt 0:00:00]} Nxb3 {[%emt 0:00:00]} 46. Bxc3 {[%emt 0:00:00]} bxc3 {[%emt 0:00:00]} 47. Nxa3 {[%emt 0:00:00]} Nc1 {[%emt 0:00:00]} 48. h5 {[%emt 0:00:00]} Nxd3 {[%emt 0:00:00]} 49. h6 {[%emt 0:00:00]} Kf6 {[%emt 0:00:00]} 50. Kf3 {[%emt 0:00:00]} Kg6 {[%emt 0:00:00]} 51. Ke3 {[%emt 0:00:00]} Nb4 {[%emt 0:00:00]} 52. Nb5 {[%emt 0:00:00]} Nxa2 {[%emt 0:00:00]} 53. Kd3 {[%emt 0:00:00]} c4+ {[%emt 0:00:00]} 54. Kc2 {[%emt 0:00:00]} Kxh6 {[%emt 0:00:00]} 55. Nxc3 {[%emt 0:00:00]} Nb4+ {[%emt 0:00:00]} 56. Kd2 {[%emt 0:00:00]} Kg6 {[%emt 0:00:00]} 57. Nd5 {[%emt 0:00:00]} Nd3 {[%emt 0:00:00]} 58. Kc3 {[%emt 0:00:00]} Nc5 {[%emt 0:00:00]} 59. Kxc4 {[%emt 0:00:00]} Nxe4 {[%emt 0:00:34]} 1/2-1/2

[Event "Fagernes GM-A 2019"]
[Site "Fagernes"]
[Date "2019.04.15"]
[Round "2.14"]
[White "Nordquelle, Daniel"]
[Black "Lindbol, Aleksander"]
[Result "0-1"]
[WhiteElo "2264"]
[BlackElo "2139"]
[Annotator "NA"]
[PlyCount "90"]
[EventDate "2019.04.14"]
[EventType "tourn"]
[EventCountry "NOR"]
[SourceTitle "playchess.com"]
[Source "ChessBase"]
[SourceQuality "1"]
[TimeControl "40/7200:3600"]

1. e4 {[%emt 0:00:03]} c6 {[%emt 0:00:15]} 2. d4 {[%emt 0:00:06]} d5 {[%emt 0:00:06]} 3. e5 {[%emt 0:00:05]} Bf5 {[%emt 0:00:11]} 4. h4 {[%emt 0:00:04]} h5 {[%emt 0:00:27]} 5. c4 {[%emt 0:00:06]} e6 {[%emt 0:01:22]} 6. Nc3 {[%emt 0:00:06]} Ne7 {[%emt 0:01:15]} 7. Nge2 {[%emt 0:00:23]} Nd7 {[%emt 0:00:28]} 8. Ng3 {[%emt 0:00:16]} Bg6 {[%emt 0:00:27]} 9. Bg5 {[%emt 0:01:15]} Qb6 {[%emt 0:03:33]} 10. Na4 {[%emt 0:33:56]} Qc7 {[%emt 0:05:03]} 11. c5 {[%emt 0:01:10]} b6 {[%emt 0:23:02]} 12. b4 {[%emt 0:00:25]} f6 {[%emt 0:17:39]} 13. exf6 {[%emt 0:01:26]} gxf6 {[%emt 0:00:05]} 14. Be3 {[%emt 0:00:06]} bxc5 {[%emt 0:13:51]} 15. bxc5 $11 {[%emt 0:07:30]} f5 {[%emt 0:05:08]} 16. Ne2 {[%emt 0:08:44]} Bg7 {[%emt 0:05:10]} 17. Nf4 {[%emt 0:05:42]} Bf7 {[%emt 0:01:21]} 18. Be2 {[%emt 0:07:24]} Nf6 {[%emt 0:04:14]} 19. f3 {[%emt 0:07:12]} e5 {[%emt 0:10:53]} 20. dxe5 {[%emt 0:07:34]} Qxe5 {[%emt 0:00:13]} 21. Kf2 {[%emt 0:05:03]} d4 {[%emt 0:01:42]} 22. Bd2 {[%emt 0:02:41]} Bh6 {[%emt 0:08:50]} 23. Qc1 {[%emt 0:02:16]} Ne4+ {[%emt 0:06:24]} 24. fxe4 {[%emt 0:02:58]} fxe4 {[%emt 0:00:01]} 25. Kg1 {[%emt 0:06:02]} e3 {[%emt 0:01:00]} 26. Bxe3 {[%emt 0:00:09]} Qxe3+ {[%emt 0:01:10]} 27. Qxe3 {[%emt 0:00:08]} dxe3 {[%emt 0:00:03]} 28. Nxh5 {[%emt 0:00:38]} Nd5 {[%emt 0:01:05]} 29. Bf3 {[%emt 0:07:57]} Rb8 {[%emt 0:00:35]} 30. Kh2 {[%emt 0:01:23]} Rb4 {[%emt 0:00:18]} 31. Rhb1 {[%emt 0:00:27]} Bxh5 {[%emt 0:01:06]} 32. Bxh5+ {[%emt 0:00:17]} Ke7 {[%emt 0:00:01]} 33. Rxb4 {[%emt 0:00:56]} Nxb4 {[%emt 0:00:02]} 34. Bf3 {[%emt 0:00:41]} Bg7 {[%emt 0:00:40]} 35. Rb1 {[%emt 0:01:58]} Rxh4+ {[%emt 0:00:48]} 36. Kg3 {[%emt 0:00:01]} Rd4 {[%emt 0:00:01]} 37. Nc3 {[%emt 0:01:03]} Be5+ {[%emt 0:00:12]} 38. Kh3 {[%emt 0:00:03]} Nd3 {[%emt 0:00:14]} 39. g3 {[%emt 0:00:56]} Nxc5 {[%emt 0:00:35]} 40. Bxc6 {[%emt 0:00:19]} Rd2 {[%emt 0:00:03]} 41. Ne4 {[%emt 0:10:36]} Nxe4 {[%emt 0:07:41]} 42. Bxe4 {[%emt 0:00:07]} Rxa2 {[%emt 0:00:13]} 43. Re1 {[%emt 0:02:46]} Bd4 {[%emt 0:02:19]} 44. g4 {[%emt 0:05:03]} Kf6 {[%emt 0:01:51]} 45. Kh4 {[%emt 0:04:30]} e2 {[%emt 0:03:30]} 0-1